| 000 | 00600nam a2200205 a 4500 | ||
|---|---|---|---|
| 005 | 20220622063509.0 | ||
| 008 | 991125s1994 mx 000 0 spa u | ||
| 020 | _a9684940629 | ||
| 035 | _aUPN01000025849 | ||
| 049 | _aI | ||
| 050 | 4 |
_aPQ7390 S2 _bG3.7 |
|
| 100 | 1 |
_aSarduy, Severo, _d1937-1993 _938996 |
|
| 245 | 1 | 0 |
_aGatico-gatico / _cSevero Sarduy ; il. Patricio Gómez. |
| 260 |
_aMéxico : _bCIDCLI : _bCNCA, _c1994. |
||
| 300 |
_a23 p. : _bil. col. |
||
| 440 | 0 | _aEn cuento | |
| 650 | 4 |
_aCUENTOS INFANTILES CUBANOS _911212 |
|
| 650 | 0 |
_aAnimales _vCuentos y leyendas _9234 |
|
| 905 | _aInfantil | ||
| 999 |
_c25849 _d25849 |
||